000
00236nam a22001217a 4500
003
SGT
082
_a
823
_b
ROT
100
_a
ROTH VERONICA
245
_a
INSURGENT
260
_a
LONDON
_b
HC PUB
_c
2012
300
_a
525
942
_2
ddc
_c
BK
999
_c
33501
_d
33501